| 000 | 00804nam a2200169Ia 4500 | ||
|---|---|---|---|
| 008 | 090201s9999 xx 000 0 und d | ||
| 010 | _aKPL-52628 | ||
| 040 | _bमराठी | ||
| 041 | _aमराठी | ||
| 082 |
_a15281 _b52628 |
||
| 100 | _aमामासाहेब दांडेकर | ||
| 245 |
_aमनुष्यजन्माचे सार्थक अर्थात परमात्मप्राप्ति _cमामासाहेब दांडेकर |
||
| 260 |
_c2004 _bश्री महाराष्ट्रीय संत वाड्.मय संस्था |
||
| 300 |
_a104 _bमोठा |
||
| 600 | _aमनुष्यजन्माचे सार्थक अर्थात परमात्मप्राप्ति | ||
| 942 | _cBOOK | ||
| 999 |
_c215399 _d215399 |
||